[Event "Dulles Skyline op-A"]
[Site "Dulles"]
[Date "2022.10.08"]
[Round "1"]
[White "Moorhouse, Will"]
[Black "Prem, Pranav"]
[Result "0-1"]
[WhiteElo "1707"]
[BlackElo "2028"]
[PlyCount "53"]
[EventDate "2022.10.08"]
[EventType "swiss"]
[EventRounds "6"]
[EventCountry "USA"]
[SourceTitle "CBM 210 Extra"]
[Source "ChessBase"]
[SourceDate "2022.11.30"]
[SourceVersion "1"]
[SourceVersionDate "2022.11.30"]
[SourceQuality "1"]

1. e4 c5 2. d4 cxd4 3. Nf3 d6 4. Nxd4 Nf6 5. Nc3 a6 6. Bg5 Nbd7 7. Bc4 Qb6 8. Qd2 Qb5 9. b4 Qxb4 10. 0-0 e6 11. Bb3 Qa5 12. Rab1 Be7 13. f4 h6 14. Rbe1 0-0 15. Bh4 Nxe4 16. Kh1 Bxh4 17. Rxe4 Bg5 18. f5 Nc5 19. Qe1 e5 20. Be6 Nxe6 21. fxe6 Rd8 22. h4 Qxc3 23. hxg5 b5 24. Rf6 Bb7 25. Rg4 Bd5 26. Rg3 Bb3 27. Kg1 0-1